Preclinical Manual of Prosthodontics (Record no. 20934)

MARC details
000 -LEADER
fixed length control field 00361nam a22001577a 4500
003 - CONTROL NUMBER IDENTIFIER
control field SGT
020 ## - INTERNATIONAL STANDARD BOOK NUMBER
International Standard Book Number 9788131253410
082 ## - DEWEY DECIMAL CLASSIFICATION NUMBER
Classification number 617.695
Item number P20L
100 ## - MAIN ENTRY--PERSONAL NAME
Personal name Lakshmi S
245 ## - TITLE STATEMENT
Title Preclinical Manual of Prosthodontics
250 ## - EDITION STATEMENT
Edition statement 3RD
260 ## - PUBLICATION, DISTRIBUTION, ETC. (IMPRINT)
Place of publication, distribution, etc NEW DELHI
Name of publisher, distributor, etc Elsevier India
Year of Publication 2020
300 ## - PAGE DESCRIPTION
No. of Pages 1-302
650 ## - SUBJECT ADDED ENTRY--TOPICAL TERM
Topical term or geographic name as entry element PROSTHODONTICS
942 ## - ADDED ENTRY ELEMENTS (KOHA)
Source of classification or shelving scheme Dewey Decimal Classification
Koha item type Books
942 ## - ADDED ENTRY ELEMENTS (KOHA)
-- 36
Holdings
Withdrawn status Lost status Source of classification or shelving scheme Damaged status Not for loan Home library Current library Shelving location Date acquired Vendor Name Cost, normal purchase price SGTU Bill Number Total Checkouts Total Renewals Full call number Accession No. (Barcode) Date last seen Date last borrowed Bill Date Koha item type
    Dewey Decimal Classification     SGT Dental Library SGT Dental Library Text Book 08/03/2021 AHUJA BOOK COMPANY 760.00 SGTU 12616 17 1 617.695 P20L FD8374 17/03/2026 17/03/2026 27/01/2021 Books
    Dewey Decimal Classification     SGT Dental Library SGT Dental Library Text Book 08/03/2021 AHUJA BOOK COMPANY 760.00 SGTU 12616 21   617.695 P20L FD8375 16/04/2026 17/03/2026 27/01/2021 Books
    Dewey Decimal Classification     SGT Dental Library SGT Dental Library Text Book 08/03/2021 AHUJA BOOK COMPANY 760.00 SGTU 12616 14   617.695 P20L FD8376 23/03/2026 09/03/2026 27/01/2021 Books